El principe Pedro y el oso de peluche (Registro nro. 10847)

Detalles MARC
000 -CABECERA
Longitud fija campo de control 00633nam a2200217 a 4500
003 - • IDENTIFICADOR DELl NÚMERO DE CONTROL
Identificador del número de control CO-ViMGA
008 - • CÓDIGOS DE INFORMACIÓN DE LONGITUD FIJA
Códigos de información de longitud fija 141112s2004 ck r 000 u spa d
020 ## - • NÚMERO INTERNACIONAL NORMALIZADO PARA LIBROS
Número Internacional Normalizado para Libros (ISBN) 9580462585
040 ## - FUENTE DE LA CATALOGACIÓN
Centro catalogador de origen CO-ViMGA
Lengua de catalogación spa
Centro transcriptor CO-ViMGA
082 ## - • NÚMERO DE LA CLASIFICACIÓN DECIMAL DEWEY
Número de clasificación (R) MCKp
100 1# - • PUNTO DE ACCESO PRINCIPAL-NOMBRE DE PERSONA
Nombre de persona McKee, David
245 10 - • TITULO PROPIAMENTE DICHO
Título El principe Pedro y el oso de peluche
300 ## - • DESCRIPCIÓN FÍSICA
Extensión 30.p.il
490 ## - • MENCIÓN DE SERIE
Mención de serie Buenas noches
590 ## - NOTAS LOCALES
Nota local Forma de adquisición : Premio - Mincultura; Compra 2005 - - Precio :
-- 11.610
650 14 - • PUNTO DE ACCESO ADICIONAL DE MATERIA - TÉRMINO DE MATERIA
Término de materia o nombre geográfico como elemento inicial CUENTOS INFANTILES
650 14 - • PUNTO DE ACCESO ADICIONAL DE MATERIA - TÉRMINO DE MATERIA
Término de materia o nombre geográfico como elemento inicial PRINCIPES - CUENTOS INFANTILES
942 ## - ENTRADA DE ELEMENTOS AGREGADOS (KOHA)
Fuente de clasificaión o esquema Dewey Decimal Classification
Koha [por defecto] tipo de item LIbro
Existencias
Perdido Fuente de clasificación o esquema Estado Físico No para préstamo Forma de adquisición Localización permanente Localización actual Fecha adquisición Serie de enumeración / cronolog&íacute;a Préstamos totales Signatura completa Código de barras Fecha última consulta Número de copia Fecha del precio de reemplazo Tipo de item de Koha Renovaciones totales Fecha último préstamo Localización en estanterías
  Dewey Decimal Classification     Infantil Biblioteca Pública San Carlos de Guaroa - Eduardo Carranza Biblioteca Pública San Carlos de Guaroa - Eduardo Carranza 12/16/2025     MCKp SG01561 12/16/2025 Ej.1 12/16/2025 LIbro     Sala Infantil
  Dewey Decimal Classification Damaged   Sala General Biblioteca Barrio Emporio - Villavicencio Biblioteca Barrio Emporio - Villavicencio 12/04/2015 Volumen. 1 | 11/jun/2009 1 MCKp 38262 11/22/2017 Ej. 1 12/04/2015 LIbro 1 11/07/2017  
  Dewey Decimal Classification     Sala General Biblioteca Comunitaria - Villavicencio Biblioteca Comunitaria - Villavicencio 12/04/2015 Volumen. 1 | 11/jun/2009   MCKp 4420 05/24/2017 Ej. 1 12/04/2015 LIbro      
  Dewey Decimal Classification     Sala Infantil Segundo Piso Biblioteca Pública Germán Arciniegas - Villavicencio Biblioteca Pública Germán Arciniegas - Villavicencio 12/04/2015 Volumen. 1 | 11/jun/2009 3 MCKp 16269 07/28/2021 Ej. 1 12/04/2015 LIbro 1 07/15/2021  









Instituto Departamental de Cultura del Meta - Red Departamental de Bibliotecas Públicas del Meta.